[Event "Vrsar Spring op"]
[Site "Vrsar"]
[Date "2024.04.01"]
[Round "6"]
[White "Manschot, Thomas"]
[Black "Rand, Steven J"]
[Result "1/2-1/2"]
[WhiteElo "1929"]
[BlackElo "1961"]
[PlyCount "87"]
[EventDate "2024.04.01"]
[EventType "swiss"]
[EventRounds "9"]
[EventCountry "CRO"]
[SourceTitle "CB16_2024"]
[SourceDate "2024.04.17"]
[SourceVersion "1"]
[SourceVersionDate "2024.04.17"]
[SourceQuality "1"]

1. d4 Nf6 2. c4 e6 3. Nc3 Bb4 4. f3 d5 5. a3 Bxc3+ 6. bxc3 0-0 7. cxd5 exd5 8. e3 Bf5 9. Ne2 Re8 10. Ng3 Bg6 11. Bd3 Nbd7 12. 0-0 c5 13. Bxg6 hxg6 14. Qd3 Rc8 15. Rd1 cxd4 16. cxd4 Nb6 17. e4 Nc4 18. e5 Nd7 19. f4 Rc6 20. f5 Nf8 21. Rf1 gxf5 22. Qxf5 Qd7 23. Rb1 Rb6 24. Rxb6 Qxf5 25. Nxf5 axb6 26. Rf3 Ne6 27. Kf2 Ra8 28. Ne7+ Kf8 29. Nxd5 Rd8 30. Rc3 b5 31. Ne3 Rxd4 32. Nxc4 Rxc4 33. Bd2 Ke8 34. Ke3 Rxc3+ 35. Bxc3 Kd7 36. Bb4 Nd8 37. Ke4 Ke6 38. h4 Nc6 39. Bd6 Nd8 40. Bc7 Nc6 41. Bd6 Nd8 42. Bf8 f5+ 43. Kd4 g6 44. Kc5 1/2-1/2

[Event "Vrsar Spring op"]
[Site "Vrsar"]
[Date "2024.04.01"]
[Round "7"]
[White "Rand, Steven J"]
[Black "Jakrlin, Mihael"]
[Result "1/2-1/2"]
[WhiteElo "1961"]
[BlackElo "2119"]
[PlyCount "83"]
[EventDate "2024.04.01"]
[EventType "swiss"]
[EventRounds "9"]
[EventCountry "CRO"]
[SourceTitle "CB16_2024"]
[SourceDate "2024.04.17"]
[SourceVersion "1"]
[SourceVersionDate "2024.04.17"]
[SourceQuality "1"]

1. c4 g6 2. g3 Bg7 3. Bg2 d6 4. Nc3 f5 5. e3 Nf6 6. Nge2 c6 7. 0-0 0-0 8. Rb1 e5 9. d3 h5 10. b4 h4 11. b5 hxg3 12. hxg3 g5 13. f4 gxf4 14. gxf4 Ng4 15. Qe1 Bf6 16. Rf3 Bh4 17. Qf1 Rf7 18. Bd2 Nd7 19. bxc6 bxc6 20. Rh3 Rg7 21. Qf3 Nb6 22. a4 e4 23. Qf1 exd3 24. Nd4 Bd7 25. Be1 Bxe1 26. Rxe1 d2 27. Rd1 Qe8 28. Qd3 Qf7 29. c5 dxc5 30. Nf3 Re8 31. Ng5 Qc4 32. Qxd2 Nxa4 33. Nxa4 Qxa4 34. Qe1 Nxe3 35. Rxd7 Rxd7 36. Rxe3 Rd1 37. Rxe8+ Kg7 38. Re7+ Kg6 39. Re6+ Kg7 40. Re7+ Kg8 41. Re8+ Kg7 42. Re7+ 1/2-1/2

[Event "Vrsar Spring op"]
[Site "Vrsar"]
[Date "2024.04.01"]
[Round "2"]
[White "Rand, Steven J"]
[Black "Jocev, Milan"]
[Result "0-1"]
[WhiteElo "1961"]
[BlackElo "2254"]
[PlyCount "68"]
[EventDate "2024.04.01"]
[EventType "swiss"]
[EventRounds "9"]
[EventCountry "CRO"]
[SourceTitle "CB16_2024"]
[SourceDate "2024.04.17"]
[SourceVersion "1"]
[SourceVersionDate "2024.04.17"]
[SourceQuality "1"]

1. c4 b6 2. Nc3 Bb7 3. e4 e6 4. g3 h5 5. h4 c5 6. Bg2 Nf6 7. Nge2 Nc6 8. 0-0 Ng4 9. d4 cxd4 10. Nxd4 Be7 11. Ndb5 d6 12. Bf4 Nge5 13. Qe2 a6 14. Na3 g6 15. Rad1 Qc7 16. Rd2 Na5 17. b3 b5 18. Naxb5 axb5 19. Nxb5 Qb8 20. Rfd1 Ra6 21. Bg5 f6 22. Be3 Kf7 23. Nd4 Nac6 24. Bh3 Nxd4 25. Bxd4 Qa8 26. Bxe5 dxe5 27. c5 Bxe4 28. Rc1 Bd5 29. f4 Rc8 30. fxe5 f5 31. Qe3 Rxa2 32. Rxa2 Qxa2 33. b4 Qb2 34. Rd1 Qxb4 0-1

[Event "San Francisco TNM Spring op"]
[Site "San Francisco"]
[Date "2015.03.31"]
[Round "3"]
[White "Rand, Steven J"]
[Black "Nelson, Christopher"]
[Result "1/2-1/2"]
[WhiteElo "2115"]
[BlackElo "1665"]
[PlyCount "83"]
[EventDate "2015.03.17"]
[EventType "swiss"]
[EventRounds "8"]
[EventCountry "USA"]
[SourceTitle "EXT 2016"]
[Source "ChessBase"]
[SourceDate "2015.10.08"]
[SourceVersion "1"]
[SourceVersionDate "2015.10.08"]
[SourceQuality "1"]

1. c4 f5 2. g3 Nf6 3. Bg2 e6 4. Nf3 c6 5. 0-0 Be7 6. d3 0-0 7. Nc3 d5 8. e4 fxe4 9. dxe4 dxe4 10. Ng5 Qc7 11. Qe2 h6 12. Ngxe4 Nbd7 13. Be3 Nxe4 14. Nxe4 e5 15. Rad1 Nf6 16. Rfe1 Be6 17. Nxf6+ Rxf6 18. a3 Raf8 19. Rd2 b6 20. Qd3 Rd8 21. Qc3 Rxd2 22. Bxd2 Bc5 23. Be3 Qd6 24. Bxc5 Qxc5 25. Qxe5 Qxf2+ 26. Kh1 Bxc4 27. Rc1 Re6 28. Qc3 Ba6 29. Qb3 Qe3 30. Qxe3 Rxe3 31. Bxc6 Re2 32. b4 Bd3 33. Kg1 Be4 34. Bxe4 Rxe4 35. Kf2 Kf7 36. Rc7+ Re7 37. Rxe7+ Kxe7 38. Ke3 Ke6 39. Ke4 g5 40. g4 b5 41. h3 a6 42. Kd4 1/2-1/2

[Event "Pan American Intercollegiate-chT"]
[Site "Princeton"]
[Date "2012.12.28"]
[Round "3"]
[White "Calugar, Arthur"]
[Black "Rand, Steven J"]
[Result "1-0"]
[WhiteElo "2295"]
[BlackElo "2085"]
[PlyCount "59"]
[EventDate "2012.12.27"]
[EventType "team-swiss"]
[EventRounds "6"]
[EventCountry "USA"]
[SourceTitle "CBM 152 Extra"]
[Source "ChessBase"]
[SourceDate "2013.02.25"]
[SourceVersion "1"]
[SourceVersionDate "2013.02.25"]
[SourceQuality "1"]
[WhiteTeam "Dallas II"]
[BlackTeam "Chicago"]
[WhiteTeamCountry "USA"]
[BlackTeamCountry "USA"]

1. Nf3 Nf6 2. b3 c5 3. Bb2 Nc6 4. e3 d5 5. Bb5 Bg4 6. h3 Bh5 7. g4 Bg6 8. Ne5 Rc8 9. Bxc6+ bxc6 10. d3 Nd7 11. Nxg6 hxg6 12. f4 e5 13. fxe5 Qh4+ 14. Ke2 Qg3 15. Qf1 Be7 16. Qf3 Qh4 17. Nd2 0-0 18. Qf2 Bd8 19. Nf3 Qe7 20. h4 Bc7 21. Qh2 f6 22. h5 gxh5 23. Qxh5 Nxe5 24. Bxe5 Bxe5 25. Nh4 Bf4 26. Nf5 Qe8 27. Qh7+ Kf7 28. Qxg7+ Ke6 29. exf4 Rf7 30. Kf3 1-0